000 00562pam a2200193 a 4500
001 1950612
005 20250610093419.0
008 870924s1988 tnu b 001 0 eng
020 _a0805465731 :
_c$21.95
050 0 0 _aBT27
_b.G46 1988
082 0 0 _a230/.044/09031
_219
100 1 _aGeorge, Timothy.
245 1 0 _aTheology of the reformers /
_cTimothy George.
260 _aNashville, Tenn. :
_bBroadman Press,
_cc1988.
300 _a337 p. ;
_c24 cm.
650 0 _aTheology, Doctrinal
_xHistory
_y16th century.
650 0 _aReformation.
942 _2lcc
_cBK
_n0
999 _c6381
_d6381